Napodobňovanie celebrít nie je v móde, väščina chce byť tetovaním originálna kedysi bolo tetovanie výsadou kriminálnikov, dnes je to čoraz obľúbenejší módny doplnok

Bibliographic Details
Main Author: Bejda, Róbert (Author)
Format: Article
Language:Slovak
PhysicalDescription:Obr.
ISSN:1336-5320
Subjects:

MARC

LEADER 00000nab a2200000 a 4500
001 vtls009621853
003 SK-MaSNL
005 20260303060424.0
008 090629 2009 xo r r 000 0 slo
038 |a KEVKJB 
040 |a KEVKJB  |b slo  |c KEVKJB  |e AACR2 
041 0 |a slo 
044 |a xo  |c SK 
080 |a 391.91  |2 2001 
100 1 |a Bejda, Róbert  |4 aut  |9 760251 
245 1 0 |a Napodobňovanie celebrít nie je v móde, väščina chce byť tetovaním originálna  |b kedysi bolo tetovanie výsadou kriminálnikov, dnes je to čoraz obľúbenejší módny doplnok  |c Róbert Bejda 
300 |b Obr. 
610 2 7 |a Look Tattoo (Košice, Slovensko)  |2 kevkjb  |9 1053220 
650 0 7 |a tetovanie  |2 kevkjb  |9 17517 
651 7 |a Košice (Slovensko)  |2 kevkjb  |9 18694 
773 0 |t Košický večer  |g Roč. 20(41), č. 26 (26.6.2009), s. 10  |x 1336-5320 
852 |a KEVKJB  |b KIS3GCP 
999 |c 1731321  |d 1733251